000 00824nam a2200217 a 4500
001 000042421
005 20201002040138.0
008 131129s2002 sp 000 0 spa d
020 _a9788483470862
040 _aDO-SdBNP
_bspa
_cBNPHU
082 _axxx
_bxxx
100 1 _aMuvdi, Elías E.
_969550
245 1 0 _aApuntes de Lenguaje /
_cElías E. Muvdi ; prólogo Daniel Samper Pizano.
260 _aMadrid :
_bAgencia Española de Cooperación Internacional para el Desarrollo,
_bDirección General de Relaciones Culturales y Científicas,
_c2002.
300 _a354 p. ;
_c19 cm.
490 1 _aEspañol urgente
500 _aIncluye datos biográficos del autor en la solapa de la cubierta
504 _aBibliografía : p. 321-341
700 1 2 _aSamper Pizano, Daniel
_epról.
_935474
830 0 _aEspañol urgente
_969551
999 _c41910
_d41910